00450 2200157 4500001002100000008004100021035002000062245006300082100001300145260002700158020002200185084001600207082001000223650004600233990001300279INLIS000000000000262 ind  a0010-0120000262 aAkidah dan AkhlakbKelas VII Madrasah TsanawiyahcBunyamin aBunyamin aJakarta :bYudhistira, a978-979-946-544-5 a2X5.1 BUN a a2X5.1 aAkidah dan Akhlak -- Studi dan Pengajaran a21900262